[Event "July 28 Challenge"]
[Site "http://www.queenalice.com/game.php?id=809930"]
[Date "2010.7.28"]
[Round "-"]
[White "spartan117"]
[Black "maicon20"]
[Result "1-0"]
[WhiteElo "1523"]
[BlackElo "1428"]

1. e4 e5 2. Nf3 d6 3. c3 Nc6 4. Bc4 Bg4 5. d3 Nf6 6. h3 Bh5 7. g4 Bg6 8. Bg5 h6
9. Bxf6 Qxf6 10. h4 Qd8 11. h5 Qf6 12. O-O Qf4 13. Nh2 d5 14. Bxd5 Be7 15. Qa4
Qf6 16. hxg6 fxg6 17. Na3 h5 18. Nb5 Kd8 19. Qd1 Qf4 20. Qf3 hxg4 21. Qxg4 Rh4
22. Qg3 g5 23. Qxf4 Rxf4 24. a4 a6 25. Na3 g4 26. Be6 Bh4 27. Bxg4 Ne7 28. Nc4
a5 29. Nxe5 Ra6 30. Ra3 Raf6 31. Kg2 Rxf2+ 32. Rxf2 Rxf2+ 33. Kh3 g5 34. Nef3
Rxb2 35. d4 c6 36. Nxh4 gxh4 37. Nf3 Ng6 38. Ne5 Nf4+ 39. Kxh4 Rh2+ 40. Kg3 Rh8
41. Nf7+ Ke7 42. Nxh8 Ne6 43. Rb3 Nd8 44. Ng6+ Kf7 45. Bf5 Ne6 46. Rxb7+ Kf6 47.
Ne7 Ng5 48. e5+ Kg7 49. Nxc6+ 1-0

[Event "Challenge"]
[Site "http://www.queenalice.com/game.php?id=815023"]
[Date "2010.8.8"]
[Round "-"]
[White "shatranj"]
[Black "maicon20"]
[Result "1-0"]
[WhiteElo "1258"]
[BlackElo "1464"]

1. e4 e5 2. Nf3 Qe7 3. Nc3 Qe6 4. d4 Nc6 5. d5 Qd6 6. Bd2 Nd4 7. Nb5 Qc5 8. Nc3
Qb4 9. Nxe5 Qxb2 10. Rb1 Qa3 11. Nc4 Qc5 12. Na4 Qa3 13. Nxa3 Bxa3 14. Qg4 Nxc2+
15. Kd1 Nd4 16. Qxg7 Ne6 17. Qxh8 Bf8 18. dxe6 dxe6 19. Qxg8 Bd7 20. Bb5 c6 21.
Be2 b6 22. Bh5 Ke7 23. Nxb6 Rb8 24. Bf4 Rb7 25. Qxh7 axb6 26. Qxf7+ Kd8 27.
Qxf8+ 1-0

[Event "AUTO-BEG-414"]
[Site "http://www.queenalice.com/game.php?id=815267"]
[Date "2010.8.9"]
[Round "1"]
[White "maicon20"]
[Black "hgvergueiro"]
[Result "0-1"]
[WhiteElo "1408"]
[BlackElo "1498"]

1. e4 e5 2. Nf3 d6 3. Bb5+ c6 4. Bc4 b5 5. Qe2 bxc4 6. Qxc4 Ba6 7. Qc3 Qb6 8. d3
Nd7 9. a4 O-O-O 10. Ra3 c5 11. Rb3 Qc6 12. Nfd2 Qxa4 13. Na3 Be7 14. Rf1 Bg5 15.
f3 Be3 16. Ke2 Bd4 17. Rb8+ Nxb8 18. Qb3 Qa5 19. Qxf7 g6 20. Qg7 Nd7 21. Qxh8
Ndf6 22. Qg7 Qb6 23. Ndc4 Qc7 24. Nxd6+ Qxd6 25. Qxa7 Rd7 26. Nb5 Bxb5 27. Qa8+
Qb8 28. Qa2 Re7 29. Bg5 Ra7 30. Qe6+ Bd7 31. Qf7 Qxb2 32. Qc4 h6 33. Bh4 g5 34.
Qxg8+ Nxg8 35. Be1 Qxc2+ 36. Bd2 Ra2 37. Rd1 Bb5 0-1

[Event "AUTO-BEG-414"]
[Site "http://www.queenalice.com/game.php?id=815268"]
[Date "2010.8.9"]
[Round "1"]
[White "hgvergueiro"]
[Black "maicon20"]
[Result "0-1"]
[WhiteElo "1393"]
[BlackElo "1476"]

1. Nf3 d5 2. d4 Nf6 3. h3 Ne4 4. Ne5 Qd6 5. c3 Qf6 6. f3 Qh4+ 7. g3 Nxg3 8. Qa4+
Kd8 9. Kd2 Nxh1 10. Bg2 Qf2 11. f4 Bd7 12. Qb4 Qxg2 13. Qxb7 Qxh3 14. Qxa8 Qh5
15. Qxb8+ Bc8 16. Nc6+ Kd7 17. Ne5+ Kd8 18. Nc6+ Kd7 19. Nxa7 Ng3 20. Qxc8+ Kd6
21. Nb5+ Kc6 22. Qb7+ Kxb7 0-1

[Event "AUTO-BEG-414"]
[Site "http://www.queenalice.com/game.php?id=815269"]
[Date "2010.8.9"]
[Round "1"]
[White "maicon20"]
[Black "gerritgenial"]
[Result "1-0"]
[WhiteElo "1422"]
[BlackElo "1110"]

1. e4 e5 2. Nf3 Nc6 3. Bb5 Bc5 4. g3 a6 5. Ba4 d6 6. Nc3 f6 7. Rb1 Ne7 8. a3 b6
9. b4 Bxb4 10. axb4 a5 11. b5 Nd4 12. d3 Bd7 13. Ng1 Rf8 14. Qh5+ g6 15. Qxh7 g5
16. h4 Bc8 17. hxg5 fxg5 18. Bxg5 Ne6 19. Bb3 Nxg5 20. Qh5+ Rf7 21. Bxf7+ Kd7
22. Qxg5 Qf8 23. Rh7 Bb7 24. f4 c5 25. f5 1-0

[Event "AUTO-BEG-414"]
[Site "http://www.queenalice.com/game.php?id=815270"]
[Date "2010.8.9"]
[Round "1"]
[White "gerritgenial"]
[Black "maicon20"]
[Result "0-1"]
[WhiteElo "1120"]
[BlackElo "1413"]

1. c4 e5 2. d3 Bb4+ 3. Bd2 Qe7 4. Qb3 a5 5. a3 Bc5 6. Be3 b6 7. f4 Na6 8. Kf2
Qf6 9. Nh3 d6 10. g3 h5 11. Nd2 h4 12. Rg1 Nh6 13. Bg2 Ng4+ 14. Kf3 Bxe3 15. Ke4
Nc5+ 16. Kd5 Nxb3 17. Nxb3 Bb7# 0-1

[Event "AUTO-OPEN-2068"]
[Site "http://www.queenalice.com/game.php?id=815486"]
[Date "2010.8.9"]
[Round "1"]
[White "alecar96pp"]
[Black "maicon20"]
[Result "0-1"]
[WhiteElo "1472"]
[BlackElo "1317"]

1. e4 e5 2. Nf3 Bd6 3. Bc4 Nf6 4. d4 Nxe4 5. dxe5 Bc5 6. O-O Rf8 7. Qd5 f5 8.
exf6 Rxf6 9. Qxe4+ Qe7 10. Qxe7+ Kxe7 11. Re1+ Re6 0-1

[Event "AUTO-OPEN-2068"]
[Site "http://www.queenalice.com/game.php?id=815487"]
[Date "2010.8.9"]
[Round "1"]
[White "maicon20"]
[Black "alecar96pp"]
[Result "1-0"]
[WhiteElo "1410"]
[BlackElo "1472"]

1. e4 e6 2. Nc3 d5 3. Bb5+ c6 4. Ba4 Bb4 5. Qe2 Bxc3 6. dxc3 Nf6 7. Bf4 Nxe4 8.
c4 Nf6 9. c5 O-O 10. Bd6 Re8 11. h4 h6 12. h5 1-0

[Event "AUTO-OPEN-2068"]
[Site "http://www.queenalice.com/game.php?id=815508"]
[Date "2010.8.9"]
[Round "1"]
[White "maicon20"]
[Black "goldenboy"]
[Result "0-1"]
[WhiteElo "1317"]
[BlackElo "2078"]

1. e4 e5 2. Nf3 Nc6 3. Nc3 Bc5 4. Nd5 Nf6 5. Bc4 Nxe4 6. Ne3 O-O 7. d3 Nf6 8.
Nf5 d5 9. Bb5 Bxf5 10. Ng5 h6 11. Qf3 Bg4 12. Qg3 hxg5 13. Bxg5 Bd7 14. Bh6 Ng4
15. Be3 Nxe3 16. fxe3 a6 17. Ba4 Nb4 18. Rd1 Bxa4 19. Qxe5 Nxc2+ 20. Ke2 Nxe3
21. Qc3 Nxd1 22. Qxc5 Re8+ 23. Kd2 Qg5+ 0-1

[Event "AUTO-OPEN-2068"]
[Site "http://www.queenalice.com/game.php?id=815509"]
[Date "2010.8.9"]
[Round "1"]
[White "goldenboy"]
[Black "maicon20"]
[Result "1-0"]
[WhiteElo "2076"]
[BlackElo "1317"]

1. e4 e5 2. f4 Qh4+ 3. g3 Qe7 4. fxe5 Qxe5 5. Nc3 Nf6 6. d4 Qh5 7. Be2 Ng4 8.
Bxg4 Qa5 9. Bd2 Qb4 10. Nd5 Qc4 11. Nf3 Na6 12. b3 Qc6 13. Ne5 Qb5 14. c4 Qxd5
15. exd5 h5 16. Bxh5 g6 17. Bg4 d6 18. Bxc8 Rxc8 19. Ng4 Rh4 20. Qe2+ Be7 21.
gxh4 Nb8 22. Bg5 1-0

[Event "AUTO-OPEN-2068"]
[Site "http://www.queenalice.com/game.php?id=815510"]
[Date "2010.8.9"]
[Round "1"]
[White "maicon20"]
[Black "AFA1961"]
[Result "0-1"]
[WhiteElo "1476"]
[BlackElo "2266"]

1. e4 Nc6 2. d4 d5 3. Nd2 dxe4 4. Nxe4 Qxd4 5. Bd3 e5 6. Qd2 f5 7. Ng5 h6 8.
N5f3 Qg4 9. Nh3 Qxg2 10. Rg1 Qxf3 11. Rg3 Qh1+ 12. Bf1 Nd4 13. Rg2 Nf3+ 14. Ke2
Nxd2 15. Bxd2 b6 16. c4 f4 17. f3 Bxh3 18. Kf2 Bc5+ 19. Ke1 Rd8 20. Rd1 Bxg2 21.
Ke2 Qg1 22. Re1 Qf2+ 0-1

[Event "AUTO-OPEN-2068"]
[Site "http://www.queenalice.com/game.php?id=815511"]
[Date "2010.8.9"]
[Round "1"]
[White "AFA1961"]
[Black "maicon20"]
[Result "1-0"]
[WhiteElo "2349"]
[BlackElo "1511"]

1. e4 e5 2. Nf3 Bd6 3. d4 Bb4+ 4. c3 Ba5 5. Nxe5 Qh4 6. Bc4 Qxe4+ 7. Kf1 Nf6 8.
Nd2 Qf5 9. g4 Nxg4 10. Qxg4 Qxg4 11. Nxg4 h5 12. Ne5 d6 13. Bxf7+ Kf8 14. Ng6+
Kxf7 15. Nxh8+ Ke7 16. Rg1 Nc6 17. Rxg7+ Kf8 18. Rg5 Ne7 19. Rxa5 Bh3+ 20. Kg1
Re8 21. Ne4 Nc6 22. Bh6+ Kg8 23. Nf6+ Kxh8 24. Rg5 Be6 25. Bg7# 1-0

[Event "Challenge"]
[Site "http://www.queenalice.com/game.php?id=821668"]
[Date "2010.8.22"]
[Round "-"]
[White "MrEnroque"]
[Black "maicon20"]
[Result "1-0"]
[WhiteElo "1392"]
[BlackElo "1511"]

1. e4 d5 2. exd5 Qxd5 3. Nc3 Qe5+ 4. Be2 Bf5 5. Nf3 Qf6 6. d4 h6 7. Bf4 Qg6 8.
Nh4 Qf6 9. Nxf5 Qxf5 10. Bxc7 Qg5 11. O-O h5 12. Bb5+ Nc6 13. d5 Rc8 14. dxc6
bxc6 15. Bxc6# 1-0